000 00817cab a2200253 4500
001 WB3230-15
008 090401t1996 xxu||||| |||| 00| 0 eng d
035 _a(Sirsi) u64472
041 _aeng
245 _aPrime space shortfall
260 _c1996
350 _a0
490 _aProperty Week
_v56(5) 2 August 1996, 6(1)
520 _aFigures from Weatherall Green & Smith show that south-east England has been hit by a shortage of prime new office space. Take-up was down by 7.3% during the first half of 1996.
650 _aOFFICE SPACE
650 _aPRIME SPACE
650 _aSHORTAGE
650 _aSOUTH EAST ENGLAND
650 _aSUPPLY AND DEMAND
650 _aWEATHERALL GREEN & SMITH
690 _aPROPERTY-COMMERCIAL PROPERTY-COMMERCIAL PROPERTY MARKET
942 _n0
948 _c04/03/1997
999 _c40159
_d40159